| Tag |
First Indicator |
Second Indicator |
Subfields |
| LEADER |
00000cam a2200000 4500 |
| 001 |
in00000096854 |
| 005 |
20150925090508.0 |
| 008 |
751002s1968 vp a b 00000 eng |
| 010 |
|
|
|a 66028577
|
| 035 |
|
|
|a (OCoLC)01671932
|
| 035 |
|
|
|9 AAL2567AM
|
| 040 |
|
|
|a DLC
|c FQG
|d TXA
|d UtOrBLW
|
| 049 |
|
|
|a TXAM
|c [851535]
|
| 050 |
0 |
0 |
|a TL785
|b .A25
|
| 082 |
0 |
|
|a 623.4/543
|
| 245 |
0 |
0 |
|a Advances in tactical rocket propulsion /
|c [editor S. S. Penner.].
|
| 264 |
|
1 |
|a Maidenhead :
|b Technivision Services;
|c 1968.
|
| 264 |
|
2 |
|a London :
|b Distributed by Technical P.,
|
| 300 |
|
|
|a 9 unnumbered pages, 490 pages :
|b illustrations ;
|c 26 cm.
|
| 336 |
|
|
|a text
|b txt
|2 rdacontent
|
| 337 |
|
|
|a unmediated
|b n
|2 rdamedia
|
| 338 |
|
|
|a volume
|b nc
|2 rdacarrier
|
| 490 |
1 |
|
|a Agard conference proceedings, no. 1
|
| 500 |
|
|
|a English or French.
|
| 504 |
|
|
|a Includes bibliographies.
|
| 650 |
|
0 |
|a Rockets (Aeronautics)
|x Fuel.
|
| 650 |
|
0 |
|a Rocket engines.
|
| 700 |
1 |
|
|a Penner, S. S.
|
| 830 |
|
0 |
|a AGARD conference proceedings ;
|v no. 1.
|
| 999 |
|
|
|a MARS
|
| 999 |
f |
f |
|s f21114c7-23f8-3e92-92d6-72d40644c44a
|i f113d554-439f-3c26-aa53-0f113b1353f2
|t 0
|
| 952 |
f |
f |
|p ric
|a Texas A&M University
|b Rellis Campus
|c Joint Library Facility
|d Remote Storage
|t 0
|e TL785 .A25
|h Library of Congress classification
|i unmediated -- volume
|m A14805554433
|
| 998 |
f |
f |
|a TL785 .A25
|t 0
|l Remote Storage
|